Normal view
MARC view
Entry Personal Name
001 - CONTROL NUMBER
- control field: 768022
003 - CONTROL NUMBER IDENTIFIER
- control field: OSt
005 - DATE AND TIME OF LATEST TRANSACTION
- control field: 20250508160151.0
008 - FIXED-LENGTH DATA ELEMENTS
- fixed length control field: 250508|| aca||aabn | a|a d
040 ## - CATALOGING SOURCE
- Original cataloging agency: OSt
- Transcribing agency: OSt
100 ## - HEADING--PERSONAL NAME
- Personal name: Bonner H.R
670 ## - SOURCE DATA FOUND
- Source citation: Work cat.: (OSt)1362365: Bonner H.R., Statistics of universities colleges, and professinal school 1917-18
